Tilastot visalle Vihannekset ja mausteet suomeksi

Klikkaa tästä pelataksesi tätä visaa!

Yleistilastot

  • Tätä visaa on pelattu 46 kertaa
  • Keskiarvotulos 44 / 74

Vastaustilastot

Vastaus% Oikein
kurkku
100%
kesäkurpitsa
97%
paprika
97%
punasipuli
97%
tomaatti
97%
valkosipuli
97%
valkosipuli
97%
bataatti
94%
herne
94%
kukkakaali
94%
kurpitsa
94%
maissi
94%
peruna
94%
porkkana
94%
sipuli
94%
papu
92%
parsa
92%
raparperi
92%
punajuuri
89%
suolakurkku
86%
lanttu
83%
retiisi
83%
inkivääri
81%
kirsikkatomaatti
81%
salaatti
81%
munakoiso
78%
voikukka
78%
chili
75%
kaali
75%
kaneli
75%
parsakaali
75%
ruusukaali
72%
tilli
72%
nauris
69%
pinaatti
69%
ruohosipuli
69%
basilika
67%
oliivi
67%
minttu
64%
sieni
64%
pippuri
61%
palsternakka
58%
persilja
58%
katajanmarja
56%
lehtikaali
56%
sinapinsiemen
56%
laakerinlehti
53%
myskikurpitsa
53%
rosmariini
44%
selleri
44%
korianteri
42%
tähtianis
42%
salottisipuli
39%
salvia
39%
vihreä papu
39%
kyssäkaali
31%
maa-artisokka
31%
kikherne
28%
mustajuuri
25%
neilikka
25%
piparjuuri
25%
muskottipähkinä
22%
sitruunamelissa
22%
kardemumma
17%
kurkuma
17%
latva-artisokka
17%
rakuuna
14%
juuriselleri
11%
kesäsipuli
11%
capris
8%
vihanneslaatikko
8%
ajuruoho
0%
endiivi
0%
etikkasäilyke
0%

Tulosjakauma

Persentiili vastausten määrän mukaan

Jokaisen tuloksen saaneiden osuus

Tuloshistoriasi

Et ole pelannut tätä visaa